<?xml version="1.0" encoding="UTF-8"?>
<marc:record xmlns:marc="http://www.loc.gov/MARC21/slim">
   <marc:leader>00000nam a2200000 a 4500</marc:leader>
   <marc:datafield ind1="0" ind2="0" tag="245">
      <marc:subfield code="a">Operation Chromite</marc:subfield>
   </marc:datafield>
   <marc:datafield ind1="0" ind2="0" tag="245">
      <marc:subfield code="b">Wir waren Soldaten und wurden zu Helden</marc:subfield>
   </marc:datafield>
   <marc:datafield ind1=" " ind2="1" tag="264">
      <marc:subfield code="b">Splendid Films</marc:subfield>
      <marc:subfield code="c">2017</marc:subfield>
   </marc:datafield>
   <marc:datafield ind1="1" ind2=" " tag="520">
      <marc:subfield code="a">1950: Nord- und Südkorea befinden sich im Kriegszustand. Die alliierten Truppen kämpfen auf der Seite der Südkoreaner, darunter der amerikanische General MacArthur (Liam Neeson). Um ein Vordringen der nordkoreanischen Truppen zu verhindern, sendet MacArthur acht Mitglieder des koreanischen Liaison Office, angeführt von einem südkoreanischen Marine-Lieutnant (Lee Jung-Jae), auf eine geheime Mission weit hinter die nordkoreanischen Linien. Die Landung bei Incheon, Codename: Operation Chromite, soll die entscheidende Kriegswendung herbeiführen ...</marc:subfield>
   </marc:datafield>
   <marc:datafield ind1=" " ind2=" " tag="020">
      <marc:subfield code="a">4013549084499</marc:subfield>
      <marc:subfield code="9">4013549084499</marc:subfield>
   </marc:datafield>
   <marc:datafield ind1=" " ind2=" " tag="041">
      <marc:subfield code="a">ger</marc:subfield>
   </marc:datafield>
   <marc:datafield ind1=" " ind2=" " tag="500">
      <marc:subfield code="a">ab 16 Jahren</marc:subfield>
   </marc:datafield>
   <marc:datafield ind1="0" ind2=" " tag="490">
      <marc:subfield code="v">0</marc:subfield>
   </marc:datafield>
   <marc:datafield ind1=" " ind2=" " tag="300">
      <marc:subfield code="a">ca. 107 Min.</marc:subfield>
   </marc:datafield>
</marc:record>
